| 000 | 004270000a22001690004500 | ||
|---|---|---|---|
| 003 | MACL | ||
| 005 | 20160105174643.0 | ||
| 008 | 160105b xxu||||| |||| 00| 0 eng d | ||
| 040 |
_aMACL _cMACL |
||
| 041 | _aEnglish | ||
| 082 | _a823/GHO | ||
| 100 |
_aGhose, Sudhin N _94431 |
||
| 245 | _aFolk Tales and fairy Stories From India | ||
| 260 |
_bNew York _aAmerica _c1961 |
||
| 650 |
_aStories _928395 |
||
| 942 |
_cBK _k823/GHO _2ddc |
||
| 999 |
_c35444 _d35444 |
||